00650nam a22002172a 450000100060000000300080000600500170001400800410003103500460007204000270011804100080014508200190015310000320017224500310020426000530023530000260028850000420031450000320035665000120038870000320040016744BD-RjUL20211209000039.0140215s19681928xx 000 1 eng d aOCLC ocm01813967 from D960109Ma(BD-RjUL) aKSUcKSUdBD-RjULbeng aeng a813bCRR 19681 aCrane, Stephen,d1871-1900.14aThe red badge of courage / aNew York :bNoble and Noble Publishing,cc1968. axxi,356p. :c17.1 cm aBound in green cloth; stamped in blue aGift of Matthew J. Bruccoli aCourage1 aConrad, Joseph,d1857-1924.